Vplyv novely zákona o obecnom zriadení na povinne zverejňované informácie

Aktuálny právny stav miesta zverejňovania, spôsobov zverejňovania a prehľad povinne zverejňovaných informácií orgánmi územnej samosprávy.

Enregistré dans:
Détails bibliographiques
Auteur principal: Hospodárová, Oxana
Format: Chapitre de livre
Langue:slovaque
Sujets:
Tags: Ajouter un tag
Pas de tags, Soyez le premier à ajouter un tag!

MARC

LEADER 00000naa a2200000 4500
001 0252090
005 20190318114329.0
041 0 |a slo 
044 |a SK 
245 1 0 |a Vplyv novely zákona o obecnom zriadení na povinne zverejňované informácie  |c Oxana Hospodárová 
520 |a Aktuálny právny stav miesta zverejňovania, spôsobov zverejňovania a prehľad povinne zverejňovaných informácií orgánmi územnej samosprávy. 
610 2 0 |a Slovensko 
610 2 0 |a samospráva miestna 
610 2 0 |a zákony 
610 2 0 |a novelizácia 
610 2 0 |a informácie 
610 2 0 |a povinnosť oznamovacia 
100 1 |a Hospodárová, Oxana